Tales of espionage

Bibliographic Details
Format: Book
Published: New Jersey : Castle Books , 1989

MARC

LEADER 00000cam a2200000 7i4500
001 0000008932
002 000009733
005 20000330.0
020 |a 1555215270 
090 0 0 |a F   |b TAL 
245 1 0 |a Tales of espionage   |c edited by Eleanor Sullivan & Chris Dorbandt 
260 |a New Jersey :   |b Castle Books ,   |c 1989 
300 |a 477 p. ;   |c 17 cm. 
999 |a 029909   |b BUKU   |c PINJAMAN   |e PERPUSTAKAAN KOMUNITI PETALING JAYA